Missing Word: 'House of Cards' Cast Quiz Stats

 Plays Quiz Updated Feb 5, 2016

Challenge
Share
Tweet
Embed
Score 0/24 Timer 03:00
0 Plays Today
Answer % Correct
Forrest
97.4%
Tattoo
96.1%
Usual
95.8%
True
92.3%
American
92.2%
Man
90.5%
Kill
84.2%
Reading
84%
Confidential
82.7%
Princess
81.1%
Bourne
78.7%
Dead
76.4%
Answer % Correct
Hours
73.3%
Number
70.2%
Leave
68.9%
Fantastic
67.4%
Brokeback
64.5%
Moon
61.2%
White
54%
Black
47.1%
Midnight
45.6%
Adjustment
44.6%
Marshall
44.4%
Most
36.4%

Today's Daily Dose

You're not logged in!

Compare scores with friends on all Sporcle quizzes.
OR
Log In

You Might Also Like...

Show Comments

Extras

Top Quizzes Today


Score Distribution

Your Account Isn't Verified!

In order to create a playlist on Sporcle, you need to verify the email address you used during registration. Go to your Sporcle Settings to finish the process.

Report this User

Report this user for behavior that violates our Community Guidelines.

Details: